000 00799cam a22002773a 4500
001 33386
003 PGUSA
005 20140828083724.0
008 100809s2010||||xxu|||||s|||||000 1 eng d
040 _aPGUSA
_beng
042 _adc
050 4 _aPQ
100 1 _aLeblanc, Maurice,
_d1864-1941
245 1 4 _aThe Tremendous Event
_h[electronic resource] /
_cMaurice Leblanc
260 _bProject Gutenberg,
_c2010
506 _aPublic domain in the USA.
516 _aElectronic text
653 _aEarthquakes -- Fiction
653 _aScience fiction
653 _aAdventure stories
653 _aEnglish Channel -- Fiction
700 1 _aTeixeira de Mattos, Alexander,
_d1865-1921
830 0 _aProject Gutenberg
_v33386
856 4 0 _uhttp://www.gutenberg.org/ebooks/33386
942 _cEB
999 _c262641
_d262641